00436nam a2200157Ia 45000010006000000050017000060080041000230410008000640820015000721000027000872450107001142600009002213000032002306500008002626540008002701797720260306171556.0260306s9999||||xx |||||||||||||| ||und|| aESP a658.3bS56 aSimón, CristinaeAUT 0aMedición del capital humano:bcómo crear impacto en el negocio desde la práctica de benchmarking c2011 axv, 251 páginas :c24 cm. aGEN aCAN